000 00673nam a22002297a 4500
003 OSt
005 20220107122720.0
008 130820b xxu||||| |||| 00| 0 eng d
020 _a9781439874344
040 _cIIITM-K
082 _a006.7 SIL/M
100 _aDa Silva, Mario Marques
_91853
245 _aMultimedia communications and networking
_cby Mario Marques da Silva
260 _aBoca Raton,
_bCRC Press,
_c2012.
300 _axvii, 468p.
650 _aCOMMUNICATION ENGINEERING
_91854
650 _aELECTRICAL ENGINEERING
_91855
650 _aMULTIMEDIA COMMUNICATIONS
_91856
650 _aSYSTEMS DESIGN
_91857
650 _aNETWORKING
_91858
942 _2ddc
_cBK
999 _c3240
_d3240